000 02058nam0a2200373 4500
001 RU\NLR\bibl\1021553
005 20250614234401.0
010 _a5-9736-0014-9
_9100
021 _aRU
_b2006-70586
_93554
035 _a(nilc)RSL-KNO-002965452
035 _a(NLR Aleph) 001009084
090 _a627000
_c627000
100 _a20061107d2006 |||y0rusy50 ca
101 0 _arus
102 _aRU
105 _ay zzzz|||||
106 _ar
200 1 _aУправление учебно-методической деятельностью вуза
_eиз опыта Владивостокского гос. ун-та экономики и сервиса
_fКононова О. В.
_gМ-во образования и науки Российской Федерации, Владивостокский гос. ун-т экономики и сервиса
210 _aВладивосток
_cИзд-во ВГУЭС
_d2006
215 _a122, [1] с.
_cил., табл.
_d20
225 1 _aУправление современным университетом
320 _aБиблиогр.: с. 88-102
606 1 _aВысшие учебные заведения
_xУчебно-методическая работа
_92454638
_3RU\NLR\auth\661459143
610 0 _aКультура. Наука. Просвещение -- Народное образование. Педагогические науки -- Высшее образование. Педагогика высшей школы -- Педагогика высшей школы -- Российская Федерация -- Организация работы учебного заведения -- Методическая работа в учебном заведении
686 _aЧ481,6(2)46,0
_2rubbk
686 _aЧ481.2
700 1 _aКононова
_bО. В.
_gОльга Витальевна
_4070
801 0 _aRU
_bРКП
_c20061107
_grcr
801 1 _aRU
_bРГБ
_c20061107
801 2 _aRU
_bNLR
_c20061213
_grcr
830 _aпо кн
942 _cBOOK
980 _aNB